1265 1086 1865 1848 1673 1790 1986 1204 1969 1390 1296 1099 1906 1480 1997 1871 1916 1162 1574 1613 1650 1160 1334 1814 1060 1829 1104 1842 1106 1106 1515 1364 1935 1210 1537 1755 1227 1823 1280 1864 1841 1699 1621 1956 1862 1830 1038 1807 1721 1481 1842 1445 1151 1630 1905 1774 1185 1692 1012 1534 1709 1250 1558 1721 1074 1538 1438 1985 1251 1021 1107 1902 1267 1098 1240 1152 1997 1697 1459 1835 1620 1450 1355 1647 1048 1762 1463 1448 1255 1009 1180 1445 1564 1732 1560 1557 1938 1238 1441 BCNSPRNW ULIB Ver.6.0+V

เปลี่ยนเป็นภาษาไทย

Change to English
 แสดงรายละเอียดบรรณานุกรม
  กลับหน้าหลัก

Brief Record : Get Marc (ISO 2709) : E-mail record : QR code < ปิดหน้าต่าง
LEADER : 00000nam 2200000uu 4500
001    13399113558
003     ULIB
008    111128s2549||||th 000 0 tha d
020    ^a9749480031
090    ^aนว.^bก323ก 2549
100 0  ^aกวิตา
245 00 ^aกุญแจรักประตูใจ/^cกวิตา
250    ^aพิมพ์ครั้งที่ 1
260    ^aกรุงเทพฯ :^bfine book,^c2549
300    ^a284 หน้า
710 1  ^afine book
945    ^p185^l0^i24893
995    ^aกัณชพร
999    ^aใช้งานได้ทุกระบบ
รายการนี้ยังไม่มีแท็ก
คุณยังไม่ได้ล็อกอิน คุณสามารถมีกิจกรรมร่วมกับเว็บไซต์ได้ แต่ต้องล็อกอินก่อน ::
  ล็อกอิน

รายการสื่อสารสนเทศ

ลำดับที่ ประเภท เลขเรียก/บาร์โค้ด สถานที่ สถานะ
1. วิทยาศาสตร์การแพทย์ และสุขภาพ
วิทยาศาสตร์การแพทย์ และสุขภาพ
นว. ก323ก 2549  
  Barcode: 24893
ห้องสมุดวิทยาเขตสวรรค์ประชารักษ์
►นวนิยาย
บนชั้น
  ขอยืม

รายการใกล้เคียง
    ผู้แต่ง [กวิตา]

BibComment


ยังไม่เคยถูกคอมเมนท์

คอมเมนท์ทรัพยากรรายการนี้
  คอมเมนท์: กุญแจรักประตูใจ ..


 Copyright 2026. Bcnsprnw @Library